01294nam a2200265 a 450000100100000000500170001000800410002704000250006804100390009308200130013210000270014524000620017224501390023426001170037330000210049049000450051153400870055650400320064370000360067583000510071104900090076295201170077195201230088899900170101100002413820200930022741.0110119s1970 ag 000 0 spa d aDO-SdBNPbspacBNPHU17aspaheng2Código de idiomas MARC ann*bnn*1 aHarmer, Earl W.94956010aInstructional strategies for student teachers.lEspañol13aLa práctica de la enseñanza :bprimeros pasos del practicante y del docente /cEarl W. Harmer ; traducción de Juan Jorge Thomas. aBuenos Aires :bCentro Regional de Ayuda Técnica. Agencia para el Desarrollo Internacional ;bKapelusz,c1970. a143 p. ;c23 cm.1 aBiblioteca de Cultura Pedagógica.v116 aTítulo de la edición original :tInstructional strategies for student teachers aBibliografía : 142-143 p.1 aThomas, Juan Jorge,etr.949561 0aBiblioteca de Cultura Pedagógicav116929172 aBNGR 001054708MOaGRbGRcCTd2011-01-19iLF1l0onn* nn*p24138-10r2020-06-25w2020-06-25y4ZPréstamo en sala 001054728MOaGRbGRcCTd2011-01-19iLF1l0onn* nn*p24138-20r2020-06-25te. 2w2020-06-25y4ZPréstamo en sala c23632d23632